000 00856cam a2200217 4500500
005 20251012020101.0
041 _afre
042 _adc
100 1 0 _aGrassi, Enzo
_eauthor
700 1 0 _a Bertrand, Claude
_eauthor
700 1 0 _a Pages, Arnaud
_eauthor
700 1 0 _a Mitha, Assia
_eauthor
700 1 0 _a Blanc, Ariane
_eauthor
700 1 0 _a Fleury, Mapi
_eauthor
700 1 0 _a Rieutord, André
_eauthor
245 0 0 _aÉvaluation de la collaboration Humain-Robot pour la production des anticancéreux injectables via la validation d’une grille de modèle d’acceptation de la technologie
260 _c2025.
500 _a73
786 0 _nJournal de Pharmacie Clinique | 44 | 1 | 2025-03-28 | p. 19-28 | 0291-1981
856 4 1 _uhttps://shs.cairn.info/revue-journal-de-pharmacie-clinique-2025-1-page-19?lang=fr&redirect-ssocas=7080
999 _c1534034
_d1534034